Normal view
MARC view
- Executive MBA
Entry Topical Term
001 - CONTROL NUMBER
- control field: 120079
003 - CONTROL NUMBER IDENTIFIER
- control field: NUST
005 - DATE AND TIME OF LATEST TRANSACTION
- control field: 20240124094642.0
008 - FIXED-LENGTH DATA ELEMENTS
- fixed length control field: 240124|| aca||aabn | a|a d
040 ## - CATALOGING SOURCE
- Original cataloging agency: NUST
- Transcribing agency: NUST
150 ## - HEADING--TOPICAL TERM
- Topical term or geographic name entry element: Executive MBA
670 ## - SOURCE DATA FOUND
- Source citation: Work cat.: (NUST): Salahuddin, Umair 120078, Implementation of an Information System at S&N Enterprises/
